000 02354nab a2200229 ab4500
005 20260526112650.0
008 251016c2025 ve fr poo# #00| spa d
003
040 _aMX-MxUPN
_bspa
_cMX-MxUPN
_eaacr2
100 1 _aJiménez, Josmary
_959706
245 1 _aCavilando la práctica docente mediada por Tecnologías de Información y Comunicación (TIC) en el Instituto Pedagógico de Barquisimeto
_h[recurso electrónico en línea]
506 0 _aAcceso abierto
520 3 _aLa intención del presente ensayo se centra en repensar de la práctica docente mediada por las tecnologías en el Instituto Pedagógico de Barquisimeto y tiene como finalidad generar reflexiones sobre el hacer didáctico y curricular del docente concebido como Ser que gestiona y transforma la práctica docente a través de la integración de las Tecnologías de Información y Comunicación (TIC) desde la dimensión curricular. Aprender y enseñar con las (TIC) como instrumentos mediadores en los procesos de gestión de conocimiento (producción, promoción, difusión y divulgación de nuevos saberes), requiere de un reflexionar continuo en los procesos académicos y curriculares, esto lleva a pensar en cómo se está ejecutando el hacer docente dentro de la universidad. Finalmente, la práctica docente en el marco de los procesos de formación virtual, precisa asumirse como un proceso orientado desde la racionalidad del docente como sujeto educativo, que asume la articulación entre la concepción de la educación, el currículo, y las tecnologías como elementos claves, propios del docente, sobre las cuales la institución requiere trabajar para realizar adecuaciones y transformaciones, esto en aras de garantizar una formación académica que permita alcanzar las competencias preestablecidas en el diseño curricular y que sea coherente con las exigencias educativas actuales.
_cREDINE
650 4 _aTecnologías de la información y comunicación
_921219
653 _aPráctica docente
653 _aIntegración curricular
773 _gVol. 17, no. 1 (2025), p. 26-35
_tREDINE : red de investigación educativa
_x2244–7997
856 4 _uhttps://revistas.uclave.org/index.php/redine/article/view/5133
856 4 _uhttps://revistas.uclave.org/index.php/redine/article/view/5133/3661
902 _aLeonor Sotres/260526
942 _cART-E
999 _c215208
_d215208